Ekonomická transformace a zahraniční kapitál

Multinacionálne korporácie v globálnej ekonomike. Pojmové vymedzenie a členenie. Teória priamych zahraničných investícií. Priame zahraničné investície a transformácia Českej republiky. Odvetvová a teritoriálna štruktúra priamych zahraničných investícií. Motívy pre prílev zahraničných investícií do Č...

Description complète

Enregistré dans:
Détails bibliographiques
Auteur principal: Březinová, Olga
Autres auteurs: Jánošíková, Ivana
Format: Chapitre de livre
Langue:tchèque
Sujets:
Tags: Ajouter un tag
Pas de tags, Soyez le premier à ajouter un tag!

MARC

LEADER 00000naa a2200000 4500
001 r040647
005 20231002125916.0
041 0 |a cze 
044 |a SK 
245 1 0 |a Ekonomická transformace a zahraniční kapitál  |c Olga Březinová, Ivana Jánošíková 
520 |a Multinacionálne korporácie v globálnej ekonomike. Pojmové vymedzenie a členenie. Teória priamych zahraničných investícií. Priame zahraničné investície a transformácia Českej republiky. Odvetvová a teritoriálna štruktúra priamych zahraničných investícií. Motívy pre prílev zahraničných investícií do Českej republiky. 
610 2 0 |a investície priame zahraničné 
610 2 0 |a spoločnosti nadnárodné 
610 2 0 |a transformácia 
610 2 0 |a reformy hospodárske 
610 2 0 |a Česko 
610 2 0 |a globalizácia 
610 2 0 |a zmeny štruktúrne 
610 2 0 |a kapitál zahraničný 
100 1 |a Březinová, Olga 
700 1 |a Jánošíková, Ivana